[Event "London op"]
[Site "London"]
[Date "1994.??.??"]
[Round "7"]
[White "Wilson, Jonathan"]
[Black "Dunworth, Christopher"]
[Result "1/2-1/2"]
[WhiteElo "2205"]
[BlackElo "2245"]
[PlyCount "89"]
[EventDate "1994.??.??"]
[EventType "swiss"]
[EventRounds "10"]
[EventCountry "ENG"]
[SourceTitle "EXT 1998"]
[Source "ChessBase"]
[SourceDate "1997.11.17"]
[SourceVersion "1"]
[SourceVersionDate "1997.11.17"]
[SourceQuality "1"]

1. d4 g6 2. c4 Bg7 3. Nc3 c5 4. d5 Bxc3+ 5. bxc3 f5 6. g3 Nf6 7. Bg2 d6 8. Nf3 Qa5 9. Qc2 Nbd7 10. 0-0 Nb6 11. Nd2 Qa4 12. Qd3 Bd7 13. Re1 0-0-0 14. f3 h5 15. Bf1 h4 16. e4 hxg3 17. hxg3 fxe4 18. Nxe4 Nxe4 19. Qxe4 Bf5 20. Qe2 Rh7 21. g4 Bd7 22. Qd3 Rdh8 23. Bf4 Rh1+ 24. Kg2 g5 25. Bg3 Kd8 26. Re4 R1h7 27. Qd2 Rg7 28. Rae1 Nc8 29. Bd3 Qa3 30. Rb1 b6 31. Qb2 Qa6 32. Rh1 Rxh1 33. Kxh1 Rh7+ 34. Kg2 Rh8 35. Qd2 Qa3 36. Re1 a6 37. Bf2 b5 38. Be3 Qa4 39. Bxg5 bxc4 40. Bb1 Qa3 41. Bxe7+ Nxe7 42. Rxe7 Kxe7 43. Qg5+ Kf8 44. Qf6+ Kg8 45. Qg6+ 1/2-1/2

[Event "Lloyds Bank op 18th"]
[Site "London"]
[Date "1994.??.??"]
[Round "2"]
[White "Wilson, Jonathan"]
[Black "Gillani, Tunveer MD"]
[Result "1-0"]
[WhiteElo "2190"]
[BlackElo "2405"]
[PlyCount "59"]
[EventDate "1994.08.??"]
[EventType "swiss"]
[EventRounds "10"]
[EventCountry "ENG"]
[SourceTitle "EXT 2000"]
[Source "ChessBase"]
[SourceDate "1999.11.16"]
[SourceVersion "1"]
[SourceVersionDate "1999.11.16"]
[SourceQuality "1"]

1. d4 Nf6 2. c4 g6 3. Nc3 Bg7 4. e4 d6 5. Nf3 0-0 6. Be2 e5 7. 0-0 Nbd7 8. Re1 Re8 9. d5 Nc5 10. Bg5 h6 11. Bxf6 Qxf6 12. b4 Na6 13. Rc1 Bd7 14. Nb5 Rec8 15. Qd2 Bf8 16. Red1 c6 17. dxc6 Bxc6 18. Nxd6 Bxd6 19. Qxd6 Qxd6 20. Rxd6 Nxb4 21. a3 Na6 22. Nxe5 Bxe4 23. f3 Bf5 24. g4 Rc5 25. f4 Bc8 26. Bf3 Nc7 27. Rb1 Ne6 28. Bd5 Nxf4 29. Rf1 Nxd5 30. Rd8+ 1-0

[Event "Troll Masters"]
[Site "Gausdal"]
[Date "1992.??.??"]
[Round "3"]
[White "Fossan, Erik"]
[Black "Wilson, Jonathan"]
[Result "1-0"]
[WhiteElo "2315"]
[BlackElo "2220"]
[PlyCount "71"]
[EventDate "1992.01.??"]
[EventType "swiss"]
[EventRounds "9"]
[EventCountry "NOR"]
[SourceTitle "CBM 028 Extra"]
[Source "ChessBase"]
[SourceDate "1992.07.01"]
[SourceVersion "1"]
[SourceVersionDate "1992.07.01"]
[SourceQuality "1"]

1. e4 c6 2. d4 d5 3. exd5 cxd5 4. c4 Nf6 5. Nc3 Nc6 6. Nf3 Bg4 7. cxd5 Nxd5 8. Qb3 Bxf3 9. gxf3 Nb6 10. d5 Nd4 11. Qd1 e5 12. dxe6 fxe6 13. Be3 Bc5 14. Bg2 Nc4 15. Bxd4 Qxd4 16. Qa4+ Ke7 17. 0-0 Nxb2 18. Qc2 Nd3 19. Nb5 Qd7 20. Rad1 Qxb5 21. Rxd3 Rac8 22. Rb3 Qd7 23. Bh3 Rc6 24. Qe4 g6 25. Rd3 Qc8 26. Rfd1 g5 27. Rd5 Bd6 28. Qd4 Rd8 29. Qg7+ Ke8 30. Bg4 Rd7 31. Qg8+ Ke7 32. Qxe6+ Kd8 33. Rxd6 Rcxd6 34. Rxd6 Qc1+ 35. Kg2 Rxd6 36. Qxd6+ 1-0